À propos de l'actualité de Charles Peirce (Record no. 555810)
[ view plain ]
| 000 -CABECERA | |
|---|---|
| Campo de control de longitud fija | 00468nab a2200145Ia 4500 |
| 003 - IDENTIFICADOR DEL NÚMERO DE CONTROL | |
| Campo de control | ES-SlBCS |
| 005 - FECHA Y HORA DE LA ÚLTIMA TRANSACCIÓN | |
| Campo de control | 20210601131005.0 |
| 008 - CÓDIGOS DE INFORMACIÓN DE LONGITUD FIJA | |
| Campo de control de longitud fija | 140529s1986 xxu||||| |||| 00| 0 fre d |
| 041 ## - CÓDIGO DE LENGUA | |
| Código de lengua del texto/banda sonora o título independiente | fre |
| 100 1# - PUNTO DE ACCESO PRINCIPAL-NOMBRE DE PERSONA | |
| Nombre de persona | Ochs, Peter |
| 9 (RLIN) | 71384 |
| 245 00 - MENCIÓN DE TÍTULO | |
| Título | À propos de l'actualité de Charles Peirce |
| Mención de responsabilidad, etc. | Peter Ochs |
| 600 14 - PUNTO DE ACCESO ADICIONAL DE MATERIA-NOMBRE DE PERSONA | |
| Nombre personal | Peirce, Charles Sanders |
| Fechas asociadas con el nombre | , 1839-1914 |
| 9 (RLIN) | 127274 |
| 773 0# - ENLACE AL DOCUMENTO FUENTE | |
| Título | Revue de Métaphysique et de Morale |
| Parte(s) relacionada(s) | vol. 91, nº. 4, 1986, págs. 506-518 |
| Número de control del registro relacionado | Rev1457 |
| 942 ## - ENTRADA DE ELEMENTOS AGREGADOS (KOHA) | |
| Koha [por defecto] tipo de item | Artículos de revista |
| Suprimido | Perdido | Estropeado | No para préstamo | Localización permanente | Localización actual | Localización en estantería | Fecha adquisición | Préstamos totales | Fecha última consulta | Fecha del precio de reemplazo | Tipo de item de Koha |
|---|---|---|---|---|---|---|---|---|---|---|---|
| San Esteban | San Esteban | Depósito de revistas | 11/07/2014 | 11/07/2014 | 11/07/2014 | Artículos de revista |
